000 00729nam a22001577a 4500
003 OSt
005 20190730145409.0
008 190730b xxu||||| |||| 00| 0 eng d
040 _cRUA
082 _aRUB SOK 2017 B643 Or.1
100 _913783
_aSOK THEARA សុខ ធារ៉ា
245 _aeffect of ethephon 1.5% 2.0% 2.5% on clone PB 260 at sopheak nika group co.LTD​ ប្រសិទ្ធភាពថ្នាំរំញេចអេតេហ្វូន ១,៥% ២% ២ ,៥% លើក្លុនកៅស៊ូសុភក្កិ នីកា អុីនវេសមែន គ្រុម ខូ អិលធីឌី
260 _aRUA
_bPhnom penh
_c2017
300 _ax;48p
_bill;
_c29cm
942 _2ddc
_cRUB
999 _c18111
_d18111